| 000 | 00683nam a2200193Ii 4500 | ||
|---|---|---|---|
| 003 | JO-AjNU | ||
| 008 | 230605s9999||||xx |||||||||||||| ||und|| | ||
| 040 |
_aJO-AjNU _bara _erda _cJO-AjNU |
||
| 041 | _aara | ||
| 050 | 1 | 4 | _aG155 2001 |
| 100 | 3 |
_aدائرة المطبوعات والنشر، عمان، الاردن, _eauthor _947753 |
|
| 245 | 0 | 0 | _aالسياحة في الأردن |
| 264 | 3 | 1 | _aعمان: دائرة المطبوعات والنشر، 2001 |
| 300 |
_a127ص _bيشتمل على صور توضيحية |
||
| 336 |
_atext _btxt _2rdacontent |
||
| 337 |
_aunmediated _bn _2rdamedia |
||
| 338 |
_avolume _bnc _2rdacarrier |
||
| 650 | 4 |
_aالسياحة -الاردن _947754 |
|
| 999 |
_aA20868 _c24436 _d24436 |
||